Normale Ansicht MARC-Ansicht ISBD

In the Labyrinth of the KGB : (Titelsatznr. 59636)

[ MARC ]
MARC-Details
000 -Satzkennung
Kontrollfeld mit fester Länge 01623nam a22003613i 4500
001 - Kontrollnummer
Kontrollfeld EBC6862920
003 - Kontrollnummer Identifier
Kontrollfeld MiAaPQ
005 - Datum und Zeit der letzten Transaktion
Kontrollfeld 20220401141456.0
007 - Feld mit fester Länge zur physischen Beschreibung - Allgemeine Information
Kontrollfeld mit fester Länge cr cnu||||||||
008 - Feld mit fester Länge zur physischen Beschreibung - Allgemeine Angaben
Kontrollfeld mit fester Länge 220331s2022 xx o ||||0 eng d
020 ## - Internationale Standardbuchnummer
Internationale Standardbuchnummer 9781793608932
Nähere Angaben (electronic bk.)
020 ## - Internationale Standardbuchnummer
Gelöschte/ungültige ISBN 9781793608925
040 ## - Katalogisierungsquelle
Original-Katalogisierungsstelle MiAaPQ
Katalogisierungssprache eng
Übertragungsstelle MiAaPQ
100 1# - Haupteintragung - Personenname
Personenname Bertelsen, Olga.
Koha-Normdatenidentnummer 4919
245 10 - Titel
Titel In the Labyrinth of the KGB :
Zusatz zum Titel Ukraine's Intelligentsia in the 1960s-1970s.
Verfasserangabe etc. Olga Bertelsen
264 #1 - Produktion, Veröffentlichung, Distribution, Herstellung und Urheberrechtsvermerk
Herstellungs-, Veröffentlichungs- Vertriebs-, Erzeugungsort Lanham :
Produzent, Herausgeber, Distributor, Hersteller Lexington Books,
Datum der Herstellung, der Veröffentlichung, des Vertriebs oder des Urheberschutzvermerks 2022.
264 #4 - Produktion, Veröffentlichung, Distribution, Herstellung und Urheberrechtsvermerk
Datum der Herstellung, der Veröffentlichung, des Vertriebs oder des Urheberschutzvermerks ©2022.
300 ## - Physische Beschreibung
Umfang 1 online resource (325 pages)
336 ## - Inhaltstyp
Inhaltstypterm Text
Inhaltstypcode txt
Quelle rdacontent
337 ## - Medientyp
Bezeichnung des Medientyps Computermedien
Medientypcode c
Quelle rdamedia
338 ## - Datenträgertyp
Datenträgertypbezeichnung Online Resource
Datenträgertypcode cr
Quelle rdacarrier
500 ## - Allgemeine Fußnote
Allgemeine Fußnote E-Book-ProQuest / Fernzugriff nach Registrierung möglich
520 ## - Fußnote zu Zusammenfassungen usw.
Fußnote zur Zusammenfassung usw. This book focuses on the writers who lived through the processes of de-Stalinization and re-Stalinization during the 1960s and 1970s in Soviet Ukraine. The author argues that the KGB unintentionally facilitated the transnational and intercultural links among the Kharkiv multiethnic community of writers.
610 2# - Nebeneintragung unter einem Schlagwort - Körperschaftsname
Körperschafts- oder Gebietskörperschaftsname als Eintragungselement Sowjetunion. Komitet Gosudarstvennoj Bezopasnosti
Koha-Normdatenidentnummer 4812
650 #4 - Nebeneintragung unter einem Schlagwort - Sachschlagwort
Sachschlagwort oder geografischer Name als Eintragungselement Intellektueller
Koha-Normdatenidentnummer 1909
651 #4 - Nebeneintragung unter einem Schlagwort - Geografischer Name
Geografischer Name Ukraine
Koha-Normdatenidentnummer 652
655 #4 - Indexierungsterm - Genre/Form
Genre/Form oder fokussierter Term
655 ## - Indexierungsterm - Genre/Form
Genre/Form oder fokussierter Term Fernzugriff
Koha-Normdatenidentnummer 230
710 ## - Nebeneintragung - Körperschaftsname
Körperschafts- oder Gebietskörperschaftsname als Eintragungselement
Koha-Normdatenidentnummer 4932
776 08 - Andere physische Form
Verweisungsphrase Print version:
Haupteintragung Bertelsen, Olga
Titel In the Labyrinth of the KGB
Ort, Verlag und Erscheinungsjahr Lanham : Lexington Books,c2022
Internationale Standardbuchnummer 9781793608925
856 40 - Elektronische Adresse und Zugriff
URL <a href="https://ebookcentral.proquest.com/lib/maxweberstiftung-ebooks/detail.action?docID=6862920">https://ebookcentral.proquest.com/lib/maxweberstiftung-ebooks/detail.action?docID=6862920</a>
OPAC-Notiz Volltext
942 ## - Zusätzliche Felder (Koha)
Koha-Medientyp E-Books
Klassifikation oder Aufstellungssystematik Andere/Generische Klassifikation
Exemplare
Ausgeschieden Verloren Klassifikation oder Aufstellungssystematik Beschädigt Nicht entleihbar Heimatbibliothek Aufenthaltsbibliothek Aufstellungsort Erwerbungsdatum Inventarnummer Signatur Barcode Letzte Aktivität Preis gültig von Koha-Medientyp
    Andere/Generische Klassifikation     MWN Osteuropa MWN Osteuropa Online-Ressource 31/03/2022 22-e00494 E-22-e00494 60344 31/03/2022 31/03/2022 E-Books